Los fichajes más caros del fútbol - Defensas centrales - 2015-2016 - Estadísticas

Estadísticas generales
  • Esta prueba ha sido intentada 31 veces
  • La puntuación promedio es 5 de 11
Estadísticas de respuestas
Coste (M €) Nacionalidad Último club Nuevo club Jugador % Correcto
44,50 Argentina Valencia CF Manchester City Nicolás Otamendi
100%
15,70 Países Bajos Celtic FC Southampton Virgil van Dijk
81%
31,50 Brasil Oporto Real Madrid Danilo
77%
12,00 Montenegro Fiorentina Atlético Madrid Stefan Savic
77%
16,00 Bélgica Atlético Madrid Tottenham Toby Alderweireld
77%
22,00 Túnez Mónaco Valencia CF Aymen Abdennour
31%
25,00 Italia AS Roma AC Milan Alessio Romagnoli
23%
12,00 República Democrática del Congo RSC Anderlecht Newcastle United Chancel Mbemba
19%
12,20 Argentina River Plate Everton Ramiro Funes Mori
19%
11,30 Inglaterra Hull City West Brom James Chester
4%
11,30 Inglaterra Ipswich Bournemouth Tyrone Mings
4%
No se encontraron pruebas coincidentes
Distribución de puntuación
Porcentaje de gente con cada puntuación
Porcentaje por número respondido
Historial de tus puntuaciones
No has intentado esta prueba.